<?xml version="1.0" encoding="UTF-8"?>
<record
    xmlns:xsi="http://www.w3.org/2001/XMLSchema-instance"
    xsi:schemaLocation="http://www.loc.gov/MARC21/slim http://www.loc.gov/standards/marcxml/schema/MARC21slim.xsd"
    xmlns="http://www.loc.gov/MARC21/slim">

  <leader>00382    a2200133   4500</leader>
  <controlfield tag="005">20250717131323.0</controlfield>
  <controlfield tag="008">250408b        |||||||| |||| 00| 0 eng d</controlfield>
  <datafield tag="020" ind1=" " ind2=" ">
    <subfield code="a">9789391558222</subfield>
  </datafield>
  <datafield tag="041" ind1=" " ind2=" ">
    <subfield code="a">Marathi</subfield>
  </datafield>
  <datafield tag="100" ind1=" " ind2=" ">
    <subfield code="a">Jevne D.H.</subfield>
    <subfield code="9">211712</subfield>
  </datafield>
  <datafield tag="245" ind1=" " ind2=" ">
    <subfield code="a">&#x938;&#x902;&#x924;&#x93E;&#x902;&#x91A;&#x947; &#x938;&#x92E;&#x930;&#x938;&#x924;&#x93E; &#x938;&#x942;&#x924;&#x94D;&#x930;</subfield>
  </datafield>
  <datafield tag="260" ind1=" " ind2=" ">
    <subfield code="b">Bharatiya Vichar Sadhana Pune Prakashan</subfield>
    <subfield code="c">2021</subfield>
  </datafield>
  <datafield tag="942" ind1=" " ind2=" ">
    <subfield code="c">BK</subfield>
  </datafield>
  <datafield tag="999" ind1=" " ind2=" ">
    <subfield code="c">365721</subfield>
    <subfield code="d">365721</subfield>
  </datafield>
  <datafield tag="952" ind1=" " ind2=" ">
    <subfield code="0">0</subfield>
    <subfield code="1">0</subfield>
    <subfield code="2">ddc</subfield>
    <subfield code="4">0</subfield>
    <subfield code="7">0</subfield>
    <subfield code="a">CCEP</subfield>
    <subfield code="b">CCEP</subfield>
    <subfield code="d">2025-03-13</subfield>
    <subfield code="e">188</subfield>
    <subfield code="g">91.00</subfield>
    <subfield code="l">0</subfield>
    <subfield code="o">891.46 JEV</subfield>
    <subfield code="p">CCEP-BK-68782</subfield>
    <subfield code="r">2025-03-13 00:00:00</subfield>
    <subfield code="v">130.00</subfield>
    <subfield code="w">2025-03-13</subfield>
    <subfield code="y">BK</subfield>
  </datafield>
</record>
